000 00296nam a2200109Ia 4500
008 221009s9999 xx 000 0 und d
082 _a400
100 _aGuider
_979384
245 0 _aSSC एस. एस. सी. Sentence Improvement Anglo-Hindi
260 _bGuider Compatitive Group
942 _cBK
999 _c65260
_d65260